[Event "FRA-ch U14 Girls"]
[Site "Troyes"]
[Date "2010.04.11"]
[Round "1"]
[White "Maton, Amandine"]
[Black "Bellaiche, Elise"]
[Result "0-1"]
[WhiteElo "1420"]
[BlackElo "1833"]
[PlyCount "104"]
[EventDate "2010.04.11"]
[EventType "swiss"]
[EventRounds "9"]
[EventCountry "FRA"]
[SourceTitle "EXT 2012"]
[Source "ChessBase"]
[SourceDate "2011.11.24"]
[SourceVersion "1"]
[SourceVersionDate "2011.11.24"]
[SourceQuality "1"]

1. c4 Nf6 2. Nc3 g6 3. g3 Bg7 4. Bg2 d6 5. d3 0-0 6. Nf3 Nc6 7. 0-0 e5 8. Rb1 a5 9. Be3 Ng4 10. Nd5 Nxe3 11. Nxe3 f5 12. Nd5 Ne7 13. Nd2 c6 14. Nxe7+ Qxe7 15. a3 a4 16. b4 axb3 17. Qxb3 Kh8 18. Rb2 e4 19. Ra2 e3 20. Nf3 exf2+ 21. Rxf2 Qe3 22. a4 f4 23. Qb4 fxg3 24. hxg3 Bd4 25. Qe1 Qxf2+ 26. Qxf2 Bxf2+ 27. Kxf2 Bg4 28. d4 Be6 29. Rb2 Rxa4 30. Rxb7 Rxc4 31. Re7 Bg8 32. Ke3 c5 33. Rd7 Re8+ 34. Kd3 Ra4 35. e4 Ra3+ 36. Kd2 Ra2+ 37. Ke3 Rxg2 38. Rxd6 cxd4+ 39. Rxd4 Rxg3 40. Kf4 Rg2 41. e5 Be6 42. Rd6 Rf8+ 43. Ke4 Rg4+ 44. Ke3 Rg3 45. Rxe6 Rgxf3+ 46. Kd4 g5 47. Ra6 Re8 48. e6 Rf6 49. Ke5 Rfxe6+ 50. Rxe6 Rxe6+ 51. Kxe6 g4 52. Kf5 g3 0-1

[Event "FRA-ch U12 Girls"]
[Site "Aix les Bains"]
[Date "2009.04.20"]
[Round "3"]
[White "Baldi, Valentine"]
[Black "Maton, Amandine"]
[Result "1-0"]
[WhiteElo "1642"]
[BlackElo "1290"]
[PlyCount "97"]
[EventDate "2009.04.19"]
[EventType "swiss"]
[EventRounds "9"]
[EventCountry "FRA"]
[SourceTitle "CBM 130 Extra"]
[Source "ChessBase"]
[SourceDate "2009.07.02"]
[SourceVersion "2"]
[SourceVersionDate "2009.07.15"]
[SourceQuality "1"]

1. d4 d5 2. c4 Nf6 3. Nc3 e6 4. Nf3 Bb4 5. e3 Ne4 6. Qb3 Nc6 7. Bd3 dxc4 8. Qxc4 Qd5 9. Qxd5 exd5 10. Bd2 Bxc3 11. bxc3 Bg4 12. Bxe4 dxe4 13. Ng5 Bf5 14. h4 h6 15. Nh3 0-0 16. c4 Rfe8 17. Nf4 b6 18. Nd5 Rac8 19. 0-0 Red8 20. Rab1 Be6 21. Nf4 Bxc4 22. Rfc1 Bxa2 23. Ra1 g5 24. Rxc6 gxf4 25. Rxa2 fxe3 26. fxe3 Kh7 27. Rxa7 Rd7 28. Be1 b5 29. Rc5 Rb8 30. Bb4 Kg6 31. Raxc7 Rxc7 32. Rxc7 f5 33. d5 Kh5 34. g3 Ra8 35. Bc3 Kg4 36. Be5 b4 37. d6 b3 38. d7 Kf3 39. Rc8 Ra2 40. d8Q Rg2+ 41. Kh1 b2 42. Qd1+ Re2 43. Bxb2 Kf2 44. Qg1+ Kf3 45. Be5 Rxe3 46. Qg2+ Kg4 47. Rg8+ Kh5 48. g4+ Kxh4 49. Bf6# 1-0